Library Banner

Tazkara datul Islam(تزکرہ دعاۃ الاسلام) / (Record no. 101731)

MARC details
000 -LEADER
fixed length control field 00435nam a22001457a 4500
005 - DATE AND TIME OF LATEST TRANSACTION
control field 20260430122013.0
008 - FIXED-LENGTH DATA ELEMENTS--GENERAL INFORMATION
fixed length control field 180116b xxu||||| |||| 00| 0 eng d
040 ## - CATALOGING SOURCE
Transcribing agency PK-LaUMT
082 ## - DEWEY DECIMAL CLASSIFICATION NUMBER
Classification number PKAC 297.74
Item number ABU-T
100 1# - MAIN ENTRY--PERSONAL NAME
Personal name Maududi, Syed Abul Ala
245 ## - TITLE STATEMENT
Title Tazkara datul Islam(تزکرہ دعاۃ الاسلام) /
Statement of responsibility, etc Abul Ala Maududi
260 ## - PUBLICATION, DISTRIBUTION, ETC. (IMPRINT)
Name of publisher, distributor, etc دار العربیۃ والنشر،
Date of publication, distribution, etc 1966
300 ## - PHYSICAL DESCRIPTION
Extent 110
942 ## - ADDED ENTRY ELEMENTS (KOHA)
Koha item type Books
Holdings
Withdrawn status Lost status Damaged status Home library Current library Date acquired Full call number Barcode Date last seen Price effective from Koha item type
      UMT Main Campus UMT Main Campus 2018-01-16 PKAC 297.74 ABU-T 117702 2018-01-16 2018-01-16 Books